Les plus grandes théories du complot - Statistiques

Statistiques générales
  • Ce quiz a été pris 59 fois
  • Le résultat moyen est 3 sur 10
Statistiques - réponses
Popularité Réponse % Correct
1 La terre plate
78%
2 L'Homme sur la lune
58%
4 Le 11 septembre
50%
8 La mort de JFK
30%
5 Le Covid-19
28%
3 La mort de Michael Jackson
22%
6 Les vaccins
22%
7 Les chemtrails
14%
10 Le changement climatique
10%
9 Le nouvel ordre mondial
6%
Aucun quiz correspondant
Distribution des résultats
% des personnes avec chaque résultat
Percentile par nombre de réponses
Votre historique - résultats
Vous n’avez pas pris ce quiz